Odgadnij Nazwy Państw w ich języku od tyłu - Statystyki

Ogólne statystyki
  • Ten quiz został rozwiązany 121 razy
    18 od ostatniego zresetowania
  • Średni wynik to 42 z 51
Statystyki odpowiedzi
umecbo op Po polsku % Poprawnych
Arrodna Andora
100%
Ëigleb Belgia
100%
Nacyabrəza Azerbejdżan
92%
ecnarf Francja
92%
Añapse Hiszpania
92%
Dnalreden Holandia
92%
Erié/Dnaleri Irlandia
92%
Dnalsi Islandia
92%
Avosok Kosowo
92%
Avuteil Litwa
92%
Aivtal Łotwa
92%
Atlam Malta
92%
Avodlom Mołdawia
92%
Akslop Polska
92%
Lagutrop Portugalia
92%
Яиссор (ajissor) Rosja
92%
Ainâmor Rumunia
92%
Oniram nas San Marino
92%
Яибрес (ajibres) Serbia
92%
EyikrüT Turcja
92%
Анїарку (aniarku) Ukraina
92%
Nacitav Watykan
92%
Ailati Włochy
92%
Dnalgne Anglia
85%
Hcieretsö Austria
85%
ьϲуралеб ('suraleib) Białoruś
85%
Анивогецрех и ансоб (anivogecreh i ansob) Bośnia i Hercegowina
85%
Яираглъб (ajiraglŭb) Bułgaria
85%
Okseč Czechy
85%
Kramnad Dania
85%
Aјинодекам анревес (ajinodekam anreiveis) Macedonia Północna
85%
Ocanom Monaco
85%
Dnalhcstued NIemcy
85%
Abla/Dnaltocs Szkocja
85%
Urmyc/Selaw Walia
85%
Naitirb taerg Wielka Brytania
85%
Арог анрц (arog anrc) Czarnogóra
77%
Itsee Estonia
77%
Ңатсқазақ ('natsqazaq) Kazachstan
77%
Nietsnethceil Liechtenstein
77%
Egron Norwegia
77%
Egirevs Szwecja
77%
Nnaerié traecsiaut/Dnaleri nrehtron/retslu Irlandia Północna
69%
Modgnik Detinu Zjednoczone Królestwo
69%
Αδάλλε (adalle) Grecja
62%
Greubeztёl Luksemburg
62%
Gázsroraygam Węgry
62%
Airëpiqhs Albania
54%
Imous Finlandia
54%
Նատսայահ (natsajah) Armenia
38%
ოლევთრაქას (olewtrakas) Gruzja
38%
Nie znaleziono quizów pasujących do podanych kryteriów
Rozkład punktacji
Procent ludzi z każdym wynikiem
Percentyl według liczby udzielonych odpowiedzi
Twoja historia wyników
Nie rozwiązałeś tego quizu od ostatniego zresetowania